| 000 | 00538ntaaa2200193 4500 | ||
|---|---|---|---|
| 003 | 01 | ||
| 005 | 20251027201058.0 | ||
| 008 | 0714s1973 ag 01 | ||
| 040 |
_aAR-BaBN _bspa _cAR-BaBN _eaacr _dRIC |
||
| 082 | _a201 A11 | ||
| 100 |
_aAlaux, J. E. _98263 |
||
| 245 |
_aReligion progressive. Etudes de Philosophie Sociale. / _cJ. E. Alaux |
||
| 250 | _a1 ed. | ||
| 260 |
_as.l. : _bG. Baillière, _cc869 |
||
| 300 | _a387 p. | ||
| 500 | _aeste ejemplar perteneció a Don Pablo Besson. | ||
| 650 |
_aFilosofía Social _98264 |
||
| 942 | _cBK | ||
| 999 |
_c4975 _d4975 |
||